| Tag |
First Indicator |
Second Indicator |
Subfields |
| LEADER |
00000cam a2200000 4500 |
| 001 |
in00000053127 |
| 005 |
20151007080446.0 |
| 008 |
720317s1949 eng u |
| 010 |
|
|
|a 49009126
|
| 035 |
|
|
|a (OCoLC)00265412
|
| 035 |
|
|
|9 AAF4855AM
|
| 040 |
|
|
|c WBU
|d OCL
|d TXA
|d UtOrBLW
|
| 049 |
|
|
|a TXAM
|c [179892]
|
| 090 |
|
|
|a B825
|b .S4
|
| 092 |
|
|
|a 146
|b S467p
|
| 100 |
1 |
|
|a Sellars, Roy Wood,
|d 1880-1973.
|
| 245 |
1 |
0 |
|a Philosophy for the future :
|b the quest of modern materialism /
|c ed. by Roy Wood Sellars, V. J. McGill [and] Marvin Farber.
|
| 264 |
|
1 |
|a New York :
|b Macmillan Co.,
|c 1949.
|
| 300 |
|
|
|a xiv, 657 pages ;
|c 22 cm.
|
| 336 |
|
|
|a text
|b txt
|2 rdacontent
|
| 337 |
|
|
|a unmediated
|b n
|2 rdamedia
|
| 338 |
|
|
|a volume
|b nc
|2 rdacarrier
|
| 504 |
|
|
|a Includes bibliographical references.
|
| 650 |
|
0 |
|a Materialism.
|
| 999 |
|
|
|a MARS
|
| 999 |
f |
f |
|s 60f7eccd-7d74-30bc-9496-1942ca9a763b
|i 41efa756-1b9a-3a3e-b0ec-9598a44fb3f1
|t 0
|
| 952 |
f |
f |
|p ric
|a Texas A&M University
|b Rellis Campus
|c Joint Library Facility
|d Remote Storage
|t 0
|e B825 .S4
|h Library of Congress classification
|i unmediated -- volume
|m A14800519048
|
| 998 |
f |
f |
|a B825 .S4
|t 0
|l Remote Storage
|